| 000 | 01324cam a2200361 a 4500 | ||
|---|---|---|---|
| 001 | 14974079 | ||
| 003 | EG-ScBUE | ||
| 005 | 20220908104122.0 | ||
| 008 | 070821t2009 njuab f b 001 0 eng d | ||
| 020 | _a9780132357166 | ||
| 020 | _a013235716X | ||
| 035 | _a(OCoLC)ocn166317581 | ||
| 040 |
_aDLC _beng _erda _cDLC _dYDX _dBAKER _dBTCTA _dUKM _dYDXCP _dIXA _dDLC _dEG-ScBUE |
||
| 082 | 0 | 4 |
_a709 _222 _bWIL |
| 100 | 1 |
_aWilkins, David G., _eauthor. _911176 |
|
| 245 | 1 | 0 |
_aArt past art present / _cDavid G. Wilkins, Bernard Schultz, Katheryn M. Linduff. |
| 250 | _aSixth edition. | ||
| 264 | 1 |
_aNew Jersey : _bPearson Education, Inc., _c[2009] |
|
| 264 | 4 | _cc2009 | |
| 300 |
_axv, 655 pages : _billustrations (some color), color maps ; _c29 cm |
||
| 336 |
_2rdacontent _atext _btxt |
||
| 337 |
_2rdamedia _aunmediated _bn |
||
| 338 |
_2rdacarrier _avolume _bnc |
||
| 504 | _aIncludes bibliographical references and index. | ||
| 650 | 7 |
_aArt _xHistory. _911177 _2BUEsh |
|
| 651 | _2BUEsh | ||
| 653 | _bART | ||
| 655 |
_vReading book _934232 |
||
| 700 | 1 |
_aSchultz, Bernard, _d1948- _eauhor. _911178 |
|
| 700 | 1 |
_aLinduff, Katheryn M., _eauhor. _911179 |
|
| 942 |
_2ddc _cBB |
||
| 999 |
_c13337 _d13337 |
||